| 000 | 01154cam a2200313 a 4500 | ||
|---|---|---|---|
| 999 |
_c16918 _d16918 |
||
| 001 | 13562724 | ||
| 003 | EG-ScBUE | ||
| 005 | 20210301101024.0 | ||
| 008 | 040419r20041960nyu f b 000 d eng d | ||
| 020 | _a9780451529442 | ||
| 040 |
_aDLC _beng _erda _cDLC _dDLC _dEG-ScBUE |
||
| 082 | 0 | 4 |
_a822.912 _bSHA _222 |
| 100 | 1 |
_aShaw, Bernard, _d1856-1950, _eauthor. _930785 |
|
| 245 | 1 | 0 |
_aPlays / _cby George Bernard Shaw ; with an introduction by Eric Bentley ; and a new afterword by Norman Lloyd. |
| 264 | 1 |
_aNew York : _bNew American Library, _c2004. |
|
| 300 |
_axxxiv, 488 pages ; _c18 cm. |
||
| 336 |
_2rdacontent _atext _btxt |
||
| 337 |
_2rdamedia _aunmediated _bn |
||
| 338 |
_2rdacarrier _avolume _bnc |
||
| 490 | 0 | _aSignet classics | |
| 504 | _aIncludes bibliographical references. | ||
| 505 | 0 | _aMrs. Warren's profession -- Arms and the man -- Candida -- Man and superman. | |
| 650 | 7 |
_aEnglish drama. _2BUEsh |
|
| 651 | _2BUEsh | ||
| 653 |
_cJuly2012 _bHHUUEENN |
||
| 655 |
_vReading book _934232 |
||
| 942 |
_2ddc _cBB |
||